| 000 | 00328nam a22001337a 4500 | ||
|---|---|---|---|
| 020 | _a81-250-2657-6 | ||
| 082 |
_a900 _bSRE/T |
||
| 100 | _aSREEDHARAN, E | ||
| 245 |
_aA TEXTBOOK OF HISTORIOGRAPHY _b500 BC TO AD 2000 |
||
| 260 |
_aDELHI _bORIENT LONGMAN _c2005 |
||
| 300 | _a570 | ||
| 650 |
_aHISTORY REFERENCE _zINDIA |
||
| 942 | _cBK | ||
| 999 |
_c1617 _d1617 |
||